000 01085nac a22002891i 4500
003 EG-ScBUE
005 20260302095114.0
008 260302t1998 enka f b 001 0 eng d
020 _a052157000X (hardbound)
020 _a9780521570008
040 _aEG-ScBUE
_beng
_erda
_cEG-ScBUE
_dEG-ScBUE
082 0 4 _a572.46
_bPHO
_222
245 0 0 _aPhotosynthesis :
_ba comprehensive treatise /
_cedited by A. S. Raghavendra.
264 1 _aCambridge, U.K. ;
_aNew York, NY, USA :
_bCambridge University Press,
_c[1998]
264 4 _cc1998
300 _axviii, 376 pages :
_billustrations ;
_c26 cm
336 _2rdacontent
_atext
_btxt
337 _aunmediated
_2rdamedia
_bn
338 _avolume
_bnc
_2rdacarrier
504 _aIncludes bibliographical references and index.
650 7 _aPhotosynthesis.
_2BUEsh
655 _vReading book
700 1 _aRaghavendra, A. S.,
_eeditor.
856 4 2 _3Publisher description
_uhttp://www.loc.gov/catdir/description/cam028/97004035.html
856 4 2 _3Table of contents
_uhttp://www.loc.gov/catdir/toc/cam026/97004035.html
942 _cBB
_2ddc
999 _c5533
_d5533